UBT Library

Microsoft Office PowePoint 2007/ (Record no. 417)

000 -LEADER
fixed length control field 00538nam a22001937a 4500
005 - DATE AND TIME OF LATEST TRANSACTION
control field 20140312091226.0
008 - FIXED-LENGTH DATA ELEMENTS--GENERAL INFORMATION
fixed length control field 140312b xxu||||| |||| 00| 0 eng d
020 ## - INTERNATIONAL STANDARD BOOK NUMBER
International Standard Book Number 9780072263701
080 ## - UNIVERSAL DECIMAL CLASSIFICATION NUMBER
Universal Decimal Classification number 004.42
100 ## - Rafti
Rafti Matthews, Carole
245 ## - TITLE STATEMENT
Title Microsoft Office PowePoint 2007/
Statement of responsibility, etc Carole Matthews,
250 ## -
-- 1 st.ed.;
260 ## -
-- New York,
-- McGraw Hill,
-- 2007,
300 ## -
-- 228 f.:
-- me il.;
-- 20 cm,
500 ## -
-- Përfshin indeksin f. 219-228
650 ## -
-- Kompjuterat
650 ## -
-- Softuerat
942 ## - ADDED ENTRY ELEMENTS (KOHA)
Source of classification or shelving scheme
Item type Books
Holdings
Withdrawn status Lost status Source of classification or shelving scheme Damaged status Not for loan Collection code Permanent location Current location Shelving location Date acquired Total Checkouts Full call number Barcode Date last seen Price effective from Koha item type
          Koleksioni i përgjithshem UBT - Ferizaj UBT - Ferizaj Koleksioni i përgjithshem 03/12/2014   004.42 MAT 003000136 03/12/2014 03/12/2014 Books
          Koleksioni i përgjithshem UBT - Ferizaj UBT - Ferizaj Koleksioni i përgjithshem 03/12/2014   004.42 MAT 003000137 03/12/2014 03/12/2014 Books
          Koleksioni i përgjithshem UBT - Ferizaj UBT - Ferizaj Koleksioni i përgjithshem 03/12/2014   004.42 MAT 003000138 03/12/2014 03/12/2014 Books
          Koleksioni i përgjithshem UBT - Ferizaj UBT - Ferizaj Koleksioni i përgjithshem 03/12/2014   004.42 MAT 003000139 03/12/2014 03/12/2014 Books
          Koleksioni i përgjithshem UBT - Ferizaj UBT - Ferizaj Koleksioni i përgjithshem 03/12/2014   004.42 MAT 003000140 03/12/2014 03/12/2014 Books
          Koleksioni i përgjithshem UBT - Ferizaj UBT - Ferizaj Koleksioni i përgjithshem 03/12/2014   004.42 MAT 003000141 03/12/2014 03/12/2014 Books
          Koleksioni i përgjithshem UBT - Ferizaj UBT - Ferizaj Koleksioni i përgjithshem 03/12/2014   004.42 MAT 003000142 03/12/2014 03/12/2014 Books
          Koleksioni i përgjithshem UBT - Ferizaj UBT - Ferizaj Koleksioni i përgjithshem 03/12/2014   004.42 MAT 003000143 03/12/2014 03/12/2014 Books
          Koleksioni i përgjithshem UBT - Ferizaj UBT - Ferizaj Koleksioni i përgjithshem 03/12/2014   004.42 MAT 003000144 03/12/2014 03/12/2014 Books
          Koleksioni i përgjithshem UBT - Ferizaj UBT - Ferizaj Koleksioni i përgjithshem 03/12/2014   004.42 MAT 003000145 03/12/2014 03/12/2014 Books
UBT Library © 2015-2024. All rights reserved University Education for Business and Technology